| 000 | 00317nam a22001337a 4500 | ||
|---|---|---|---|
| 999 |
_c527963 _d527963 |
||
| 003 | NUST | ||
| 038 | _aM.Ramzan | ||
| 082 |
_a005.74 _bMEF |
||
| 100 |
_aMefadden, Fred R _919462 |
||
| 245 |
_aModern Database Managment/ _cFred R Mefaddn |
||
| 260 |
_aIslamabad _bN.B. _c2000 |
||
| 300 |
_a597p, _c25cm |
||
| 942 |
_2ddc _cBK |
||